| 000 | 01082cab a22001935a 4500 | ||
|---|---|---|---|
| 001 | L137252 | ||
| 008 | 070326e2007 xxk 000 0 eng d | ||
| 035 | _a(Sirsi) u137252 | ||
| 041 | 0 | _aeng | |
| 100 | 1 | _aMann, Will | |
| 245 | 0 | 0 | _aSo what do people really think of construction? |
| 260 | _c2007 | ||
| 490 |
_aContract Journal _v(6616) 14 March 2007, 23-25(2) |
||
| 520 | _aProvides results from an NOP poll commissioned by "Contract Journal" on society's view of the construction industry. Reveals that contrary to expectation, the general public has a relatively positive view of the industry, with 86% believing that construction workers are hard working and a similar percentage thinking they make a valuable contribution to society. However, only 25% of respondents have worked or would work in the construction industry and 60% believe that construction does not adequately promote the benefits of working within the industry. Also includes industry reaction to the poll. | ||
| 590 | _aKA | ||
| 651 | 4 |
_aUnited Kingdom _y |
|
| 690 | _aBUILT ENVIRONMENT | ||
| 942 | _n0 | ||
| 999 |
_c78569 _d78569 |
||